Habitats, environments, and human behavior

Spremljeno u:
Bibliografski detalji
Glavni autor: Roger G Barker
Format: Knjiga
Jezik:Undetermined
Izdano: Kansas Jossey-Bass 1977
Teme:
Oznake: Dodaj oznaku
Bez oznaka, Budi prvi tko označuje ovaj zapis!
Thư viện lưu trữ: Trung tâm Học liệu Trường Đại học Cần Thơ
LEADER 00526nam a2200181Ia 4500
001 CTU_20680
008 210402s9999 xx 000 0 und d
082 |a 302 
082 |b B255 
100 |a Roger G Barker 
245 0 |a Habitats, environments, and human behavior 
245 0 |c Roger G Barker 
260 |a Kansas 
260 |b Jossey-Bass 
260 |c 1977 
650 |a ethnology,social interaction,social psychology,social sciences 
904 |i Minh, 971225 
980 |a Trung tâm Học liệu Trường Đại học Cần Thơ